000 01652nam a2200385 a 4500
001 ebr10484747
003 CaPaEBR
006 m u
007 cr cn|||||||||
008 110810s2011 inuad sb 001 0 eng d
010 _z 2011921774
020 _z9781118087619 (e-book)
020 _z9781118087626 (e-book)
020 _z9780470889510
020 _z9781118087657 (e-book)
040 _aCaPaEBR
_cCaPaEBR
035 _a(OCoLC)750326531
050 1 4 _aQA76.59
_b.P43 2011eb
100 1 _aPearce, James.
245 1 0 _aProfessional mobile web development with WordPress, Joomla!, and Drupal
_h[electronic resource] /
_cJames Pearce.
260 _aIndianapolis, Ind. :
_bWiley Pub., Inc.,
_c2011.
300 _axxix, 520 p. :
_bill. (some col.).
490 0 _aWrox programmer to programmer
504 _aIncludes bibliographical references and index.
505 0 _apt. 1. The world of the mobile Web -- pt. 2. General mobile techniques -- pt. 3. Major CMS platforms -- pt. 4. Enhancing and launching your site -- pt. 5. References.
533 _aElectronic reproduction.
_bPalo Alto, Calif. :
_cebrary,
_d2013.
_nAvailable via World Wide Web.
_nAccess may be limited to ebrary affiliated libraries.
630 0 0 _aWordPress (Electronic resource)
630 0 0 _aJoomla! (Computer file)
630 0 0 _aDrupal (Computer file)
650 0 _aMobile computing
_xProgramming.
650 0 _aApplication software
_xDevelopment.
655 7 _aElectronic books.
_2local
710 2 _aebrary, Inc.
856 4 0 _uhttp://site.ebrary.com/lib/rucke/Doc?id=10484747
_zAn electronic book accessible through the World Wide Web; click to view
999 _c224046
_d224046